000 00904 a2200241 4500
003 Nust
005 20221027104104.0
010 _a 91024304
020 _a0471839442
040 _cNust
082 0 0 _a621.3,SMI
100 1 _aSmith, Ralph Judson.
_9101469
245 1 0 _aCircuits, devices, and systems :
_ba first course in electrical engineering /
_cRalph J. Smith, Richard C. Dorf.
250 _a5th ed.
260 _aNew York :
_bWiley,
_cc1992.
300 _axi, 868 p. :
_bill. (some col.) ;
_c26 cm.
505 _aPart-1: Circuits (Page-3), Part-2: Electronics (Page-303), Part-3: Electromechanics (Page-657).
650 0 _aTelecommunication Engineering.
700 1 _aDorf, Richard C.
856 4 2 _3Publisher description
_uhttp://www.loc.gov/catdir/description/wiley034/91024304.html
856 4 2 _3Table of Contents
_uhttp://www.loc.gov/catdir/toc/onix05/91024304.html
942 _cREF
_2ddc
999 _c193276
_d193276